Croatian Football League Leading Scorers - Statistics

General Stats
  • This quiz has been taken 203 times
    121 since last reset
  • The average score is 10 of 31
Answer Stats
Season # Player Club % Correct
2021-22 28 Marko Livaja Hajduk Split
91%
2014-15 21 Andrej Kramarić Rijeka
58%
2006-07 34 Eduardo da Silva Dinamo Zagreb
57%
2008-09 16 Mario Mandžukić Dinamo Zagreb
57%
2019-20 20 Antonio Čolak Rijeka
54%
2020-21 22 Ramon Mierez Osijek
52%
1995-96 19 Igor Cvitanović Dinamo Zagreb
41%
1996-97 20 Igor Cvitanović Dinamo Zagreb
41%
2001-02 21 Ivica Olić Zagreb
41%
2002-03 16 Ivica Olić Dinamo Zagreb
41%
2018-19 19 Mijo Caktaš Hajduk Split
41%
2017-18 17 El Arabi Hillal Soudani Dinamo Zagreb
39%
2010-11 19 Ivan Krstanović Zagreb
32%
1992-93 23 Goran Vlaović Dinamo Zagreb
31%
1993-94 29 Goran Vlaović Dinamo Zagreb
31%
2012-13 15 Leon Benko Rijeka
27%
2009-10 18 Davor Vugrinec Zagreb
26%
2013-14 22 Duje Čop Dinamo Zagreb
26%
2015-16 25 Ilija Nestorovski Inter Zaprešić
25%
2016-17 18 Marko Futacs Hajduk Split
25%
1994-95 23 Robert Špehar Osijek
23%
2003-04 18 Robert Špehar Osijek
23%
1992 12 Ardian Kozniku Hajduk Split
22%
2007-08 21 Želimir Terkeš Zadar
21%
2011-12 15 Fatos Beqiraj Dinamo Zagreb
20%
2004-05 17 Tomislav Erceg Rijeka
18%
1999-00 21 Tomislav Šokota Dinamo Zagreb
18%
2000-01 20 Tomislav Šokota Dinamo Zagreb
18%
1998-99 21 Joško Popović Šibenik
14%
2005-06 22 Ivan Bošnjak Dinamo Zagreb
12%
1997-98 19 Mate Baturina Zagreb
8%
No matching quizzes found
Score Distribution
Percent of People with Each Score
Percentile by Number Answered
Your Score History
You have not taken this quiz since the last reset